000 00555nam a2200205Ia 4500
003 OSt
005 20241204095818.0
008 210716s1997 xx 000 0 und d
020 _a0312962444
040 _cAIMIT LIBRARY
041 _aeng
082 _a808.83
_21
_bCOUW
100 _aCoughlin, William J.
_9187525
245 _aJudgment /
_cBy William J Coughlin.
250 _a1st ed.
260 _aNew York :
_bSt Martins Press Inc ;
_c1997.
300 _a424p. ;
_bPB
_c17cm.
650 _aNovels
_9187526
942 _2ddc
_cBK
_e1st ed.
_k808.83 COUW
999 _c199915
_d199915